Rozhovory zamestnancov Slavošovských papierní, n. p., závodov Slavošovce - Gemer. Hôrka

Bibliographic Details
Format: Journal
Language:Slovak
PhysicalDescription:7 zv. fotogr. c 30-42 cm
Published: Slavošovce ZSROH Slavošovských papierní 1949-1952
Slavošovce ZO KSS, ZS ROH, ČSM a správa Slavošovských papierní
Subjects:

MARC

LEADER 00000cas a22000001a 4500
001 vtls010302123
003 SK-MaSNL
005 20260228163041.0
008 150703d19491954xo sr p r 0 b0slo
040 |a SNK  |b slo  |c SNK  |e AACR2 
041 0 |a slo 
044 |a xo  |c SK 
072 7 |a 676  |x Papierenský priemysel  |2 konspekt 
080 |a 676  |2 2001 
080 |a 050  |2 2001 
080 |a 676:005.71  |2 2001 
245 0 0 |a Rozhovory  |b zamestnancov Slavošovských papierní, n. p., závodov Slavošovce - Gemer. Hôrka 
260 |a Slavošovce  |b ZSROH Slavošovských papierní  |c 1949-1952 
260 3 |3 9/1952-21/1954  |a Slavošovce  |b ZO KSS, ZS ROH, ČSM a správa Slavošovských papierní 
300 |a 7 zv.  |b fotogr. c 30-42 cm 
310 |a 2x mesačne  |b 9/1952-21/1954 
321 |a 1x mesačne  |b 1/1949-8/1952 
362 0 |a Roč. I, č. 1 (1. mája 1949)-roč. VI, č. 21 (15.12.1954)  |z údaj prebratý z Bg. nov. a čas. vych. na Slovensku v r. 1945-60 
500 |a Podnázov sa mení 
500 |a Hl. red. Ján Levrinc; od č. 5/1953 Ján Polomský 
500 |a V r. 1952 zmena veľkosti formátu na 42 cm 
500 |a Formát veľkosti 34 cm, od č. 10/1951-8/1952 zmena veľkosti formátu na 30 cm; od č. 9/1952-11/1952 zmena veľkosti formátu na 42 cm; od r. 1953 zmena veľkosti na 30 cm 
610 2 7 |a Slavošovské papierne (Slavošovce, Slovensko)  |2 SNKKA  |9 58596 
650 0 7 |a papierenský priemysel  |2 SNKPH  |9 58727 
650 0 7 |a celulóza  |2 SNKPH  |9 16027 
655 7 |a podnikové periodiká  |2 SNKPH  |9 132333 
700 1 |a Levrinc, Ján  |4 lso  |9 272882 
700 1 |a Polomský, Ján  |4 lso  |9 272883 
710 2 |a Slavošovské papierne (Slavošovce, Slovensko)  |4 pbl  |9 58596 
910 |a snk 
958 |a OND 
999 |c 8799  |d 10729 
952 |0 0  |1 0  |4 0  |7 0  |8 2  |a SNK  |b SNK  |d 2015-07-02  |f 1  |i snkČSV 125/57  |l 0  |o snkČSB 934/2/1950  |p 17A0706441  |r 2026-02-21 19:34:52  |t č. 1-12  |w 2026-02-21  |y PREZ 
952 |0 0  |1 0  |4 0  |7 0  |8 2  |a SNK  |b SNK  |d 2015-07-02  |f 1  |i snkČSV 128/57  |l 0  |o snkČSB 934/3/1951  |p 17A0706463  |r 2026-02-21 19:34:52  |t č. 1-12  |w 2026-02-21  |y PREZ 
952 |0 0  |1 0  |4 0  |7 0  |a SNK  |b SNK  |d 2015-07-02  |f 1  |i snkČSV 129/57  |l 0  |o snkČSB 934/4/1952  |p 17A0706466  |r 2026-02-21 19:35:01  |t č. 1-11  |w 2026-02-21  |y PREZ  |z Č. 5-6 nevyšli 
952 |0 0  |1 0  |4 0  |7 0  |a SNK  |b SNK  |d 2015-07-02  |f 1  |l 0  |o snkČSB 934/5/1953  |p 17A0706467  |r 2026-02-21 19:35:01  |t č. 5-21, neúplné  |w 2026-02-21  |y PREZ  |z Chýba č. 1-4 
952 |0 0  |1 0  |4 0  |7 0  |a SNK  |b SNK  |d 2015-07-02  |f 1  |i snkII. 1610/55  |l 0  |o snkČSB 934/6/1954  |p 17A0706468  |r 2026-02-21 19:35:01  |t č. 1-21  |w 2026-02-21  |y PREZ 
952 |0 0  |1 0  |4 0  |7 0  |a SNK  |b SNK  |d 2015-07-02  |f 1  |l 0  |o snkČSB 934/7/1955  |p 17A0706472  |r 2026-02-21 19:35:01  |t č. 1  |w 2026-02-21  |y PREZ 
952 |0 0  |1 0  |4 0  |7 0  |8 2  |a SNK  |b SNK  |d 2001-02-05  |f 1  |i snkČSV 123/57  |l 0  |o snkČSB 934/1/1949  |p 17A0039927  |r 2005-01-02 00:00:00  |t č. 1-8  |w 2026-02-21  |y PREZ